सुरम्य बुन्देलखंड / (Record no. 117973)

MARC details
000 -LEADER
fixed length control field 01110nam a22002537a 4500
005 - DATE AND TIME OF LATEST TRANSACTION
control field 20170124103104.0
010 ## - LIBRARY OF CONGRESS CONTROL NUMBER
LC control number B-141871
020 ## - INTERNATIONAL STANDARD BOOK NUMBER
Terms of availability 250.00
International Standard Book Number 8189095021
035 ## - SYSTEM CONTROL NUMBER
System control number B-141871
037 ## - SOURCE OF ACQUISITION
Source of stock number/acquisition Cen Lib/Ret
040 ## - CATALOGING SOURCE
Original cataloging agency DPL
Language of cataloging HN
082 ## - DEWEY DECIMAL CLASSIFICATION NUMBER
Classification number 954.13
Item number सुरम्य
245 ## - TITLE STATEMENT
Title सुरम्य बुन्देलखंड /
Statement of responsibility, etc संपादक अयोध्या प्रसाद गुप्त
246 ## - VARYING FORM OF TITLE
Title proper/short title Suramay bundelkhand /
Remainder of title sampadak Ayodhaya Prasad Gupt
260 ## - PUBLICATION, DISTRIBUTION, ETC. (IMPRINT)
Place of publication, distribution, etc उरई
Name of publisher, distributor, etc नमन प्रकाशन
Date of publication, distribution, etc 2004
270 ## - ADDRESS
Address मण्डप राठ रोड
City उरई
Postal code 110032
300 ## - PHYSICAL DESCRIPTION
Extent 150पृ. :
Dimensions 21सेमी (सजिल्द)
Other physical details सचित्र
650 ## - SUBJECT ADDED ENTRY--TOPICAL TERM
Topical term or geographic name as entry element बुंदेलखंड (भारत) - विवरण और यात्रा
9 (RLIN) 77789
650 ## - SUBJECT ADDED ENTRY--TOPICAL TERM
Topical term or geographic name as entry element सफर
9 (RLIN) 77790
650 ## - SUBJECT ADDED ENTRY--TOPICAL TERM
Topical term or geographic name as entry element Bundelkhand (India) -- Description and travel.
9 (RLIN) 77791
650 ## - SUBJECT ADDED ENTRY--TOPICAL TERM
Topical term or geographic name as entry element Travel.
9 (RLIN) 25007
700 ## - ADDED ENTRY--PERSONAL NAME
Personal name गुप्त, अयोध्या प्रसाद
9 (RLIN) 44807
942 ## - ADDED ENTRY ELEMENTS (KOHA)
Source of classification or shelving scheme Dewey Decimal Classification
Koha item type Hindi Books
Classification part 954.13
Call number suffix सुरम्य
Holdings
Withdrawn status Lost status Damaged status Not for loan Home library Current library Date acquired Source of acquisition Cost, normal purchase price Total Checkouts Full call number Barcode Date last seen Date checked out Copy number Cost, replacement price Price effective from Koha item type
        Central Library Central Library 09/09/2015 Cen Lib/Ret 250.00 6 954.13 सुरम्य B-141871 25/03/2023 10/03/2023 1 250.00 09/09/2015 Hindi Books

© Delhi Public Library
Hit Counter
free hit counter